Entrada Nombre personal
Número de registros utilizados en: 1
001 - NÚMERO DE CONTROL
003 - IDENTIFICADOR DEL NÚMERO DE CONTROL
- campo de control:
DR-UNIBE
005 - FECHA Y HORA DE LA ÚLTIMA TRANSACCIÓN
- campo de control:
20260508151658.0
008 - DATOS DE LONGITUD FIJA
- campo de control de longitud fija:
260508|| aca||aabn | a|a d
040 ## - FUENTE DE LA CATALOGACIÓN
- Centro catalogador/agencia de origen:
DR-UNIBE
- Centro/agencia transcriptor:
DR-UNIBE
100 ## - ENCABEZAMIENTO-NOMBRE DE PERSONA
- Nombre de persona:
Blanco Rothe, Lara
670 ## - FUENTE DE DATOS ENCONTRADOS
- Cita de la fuente:
Work cat.: (DR-UNIBE)114624: Women and peace network, 2002 : special issue on peace, urban governance, land and property rigths of women = Red de mujeres por la paz, 2002 : edición especial sobre paz, gobernabilidad urbana, y derechos de la mujer a la tierra y la propiedad , 2002